000 00562cam a2200217ua 4500
001 8561
005 20260515114341.0
008 150206n ii |||gr||||Z||||||eng
020 _a8125007512
040 _cMAIN
041 _aeng
082 _a420
100 _aNagaraj, G.,
_eAuthor.
245 1 _aEnglish language teaching :
_bApproaches methods techniques /
_cBy Geetha Nagaraj .
250 _a1st.
260 _aNew Delhi:
_bOrient,
_c2001.
300 _a232p.
653 _aEnglish & Old English
653 _aEnglish language teaching
942 _cBK
999 _c7656
_d7656